[Event "BCF-chT3W 2223 (4NCL)"]
[Site "England"]
[Date "2023.05.01"]
[Round "11.11"]
[White "Baker, Chris W"]
[Black "Jogstad, Martin"]
[Result "0-1"]
[WhiteElo "2243"]
[BlackElo "2403"]
[PlyCount "111"]
[EventDate "2022.10.22"]
[EventType "team-tourn"]
[EventRounds "11"]
[EventCountry "ENG"]
[SourceTitle "EXT 2024"]
[Source "ChessBase"]
[SourceDate "2023.10.10"]
[SourceVersion "1"]
[SourceVersionDate "2023.10.10"]
[SourceQuality "1"]
[WhiteTeam "Warwicks Select"]
[BlackTeam "Kingston"]
[WhiteTeamCountry "ENG"]
[BlackTeamCountry "ENG"]

1. d4 Nf6 2. Nf3 e6 3. c4 d5 4. g3 dxc4 5. Bg2 Bd7 6. 0-0 Bc6 7. Qc2 b5 8. Nbd2 Be7 9. a4 a6 10. e4 0-0 11. Rd1 Bb7 12. b3 cxb3 13. Qxb3 Nxe4 14. Nxe4 Bxe4 15. axb5 axb5 16. Rxa8 Bxa8 17. Qxb5 Qd5 18. Qd3 Nd7 19. Bf4 Bd6 20. Be3 Nb6 21. Rc1 Rd8 22. Qc2 Qe4 23. Qxe4 Bxe4 24. Nd2 Bxg2 25. Kxg2 Nd5 26. Nc4 Be7 27. Kf3 g5 28. h3 Rb8 29. g4 Kg7 30. Ke4 Rb3 31. Nd2 Ra3 32. Nc4 Ra2 33. Ne5 Bd6 34. Nc4 Bf4 35. h4 h6 36. hxg5 hxg5 37. Kf3 Kf6 38. Bxf4 Nxf4 39. Ne3 Rxf2+ 40. Ke4 Re2 41. Kf3 Rd2 42. Rxc7 Rxd4 43. Rc6 Rd3 44. Ke4 Ra3 45. Rc5 Ra4+ 46. Kf3 Nd3 47. Rc3 Ne5+ 48. Kg3 Rd4 49. Rc2 Rd3 50. Kf2 Ra3 51. Re2 Rb3 52. Ra2 Nd3+ 53. Kg2 Kg6 54. Ra8 Ne1+ 55. Kf2 Rb1 56. Kg1 0-1

[Event "EU-Cup 36th"]
[Site "Struga"]
[Date "2021.09.20"]
[Round "3.4"]
[White "Jogstad, Martin"]
[Black "Rasti, Arvin"]
[Result "1/2-1/2"]
[WhiteElo "2341"]
[BlackElo "2219"]
[PlyCount "89"]
[EventDate "2021.09.18"]
[EventType "team-swiss"]
[EventRounds "7"]
[EventCountry "MKD"]
[SourceTitle "CBM 204 Extra"]
[Source "ChessBase"]
[SourceDate "2021.11.30"]
[SourceVersion "1"]
[SourceVersionDate "2021.11.30"]
[SourceQuality "1"]
[WhiteTeam "Lunds"]
[BlackTeam "Pelaro Alingsas"]
[WhiteTeamCountry "SWE"]
[BlackTeamCountry "SWE"]

1. c4 Nf6 2. Nf3 g6 3. Nc3 Bg7 4. d4 0-0 5. e4 d6 6. Be2 Bg4 7. Be3 Nfd7 8. Ng1 Bxe2 9. Ngxe2 a6 10. Qd2 c5 11. 0-0 cxd4 12. Nxd4 Nc6 13. Rfd1 Rc8 14. b3 Qa5 15. Rac1 Nxd4 16. Bxd4 Bxd4 17. Qxd4 Nf6 18. Qd2 Qb4 19. g4 Rfe8 20. g5 Nd7 21. Nd5 Qxd2 22. Rxd2 h6 23. h4 Kg7 24. Kg2 hxg5 25. hxg5 f6 26. gxf6+ Nxf6 27. Nxf6 Kxf6 28. Rc3 Rc5 29. Rf3+ Kg7 30. Rg3 Rf8 31. Rg4 b5 32. Rd5 Rxd5 33. exd5 Rc8 34. Kf3 Rc5 35. Rd4 bxc4 36. bxc4 Ra5 37. Rd2 Ra4 38. Rc2 Kf6 39. Ke4 Ra3 40. Re2 Rc3 41. Kd4 Ra3 42. Rc2 Kf7 43. Ke4 Kf6 44. Kf4 Ra4 45. Ke4 1/2-1/2

[Event "Braganca op 2nd"]
[Site "Braganca"]
[Date "2021.08.20"]
[Round "3"]
[White "Csonka, Balazs"]
[Black "Jogstad, Martin"]
[Result "1/2-1/2"]
[WhiteElo "2490"]
[BlackElo "2334"]
[PlyCount "78"]
[EventDate "2021.08.19"]
[EventType "swiss"]
[EventRounds "9"]
[EventCountry "POR"]
[SourceTitle "CBM 204 Extra"]
[Source "ChessBase"]
[SourceDate "2021.11.30"]
[SourceVersion "1"]
[SourceVersionDate "2021.11.30"]
[SourceQuality "1"]

1. e4 e6 2. d4 d5 3. e5 c5 4. c3 Qb6 5. Nf3 Bd7 6. Be2 Bb5 7. dxc5 Bxc5 8. b4 Be7 9. 0-0 Nh6 10. Bxb5+ Qxb5 11. Nd4 Qc4 12. Bxh6 gxh6 13. Qh5 0-0 14. Qh3 Kh8 15. Nd2 Qc7 16. f4 Nc6 17. N2f3 Nxd4 18. cxd4 Qc2 19. Qxh6 Rac8 20. Ng5 Qf5 21. Rf3 Qg6 22. Qxg6 hxg6 23. b5 Rc4 24. Rd1 Kg8 25. h4 Rfc8 26. g4 Rc2 27. Rf2 Rxf2 28. Kxf2 Rc2+ 29. Ke3 Bxg5 30. fxg5 Rxa2 31. h5 gxh5 32. gxh5 Rh2 33. Ra1 a6 34. bxa6 bxa6 35. g6 Rh3+ 36. Kf4 Rxh5 37. Rxa6 Kg7 38. gxf7 Kxf7 39. Kg4 Rf5 1/2-1/2

[Event "Uppsala IM Gp1"]
[Site "Uppsala"]
[Date "2021.08.14"]
[Round "8"]
[White "Falkevall, Axel"]
[Black "Jogstad, Martin"]
[Result "1/2-1/2"]
[WhiteElo "2229"]
[BlackElo "2334"]
[PlyCount "204"]
[EventDate "2021.08.09"]
[EventType "tourn"]
[EventRounds "9"]
[EventCountry "SWE"]
[EventCategory "2"]
[SourceTitle "CBM 203 Extra"]
[Source "ChessBase"]
[SourceDate "2021.09.30"]
[SourceVersion "1"]
[SourceVersionDate "2021.09.30"]
[SourceQuality "1"]

1. d4 d5 2. c4 c6 3. cxd5 cxd5 4. Bf4 Nc6 5. e3 Nf6 6. Nc3 a6 7. Be2 Ne4 8. Nf3 Nxc3 9. bxc3 e6 10. 0-0 Na5 11. Bd3 Bd7 12. Ne5 Bb5 13. Bxb5+ axb5 14. Rb1 Bd6 15. Qg4 0-0 16. Bh6 Qf6 17. Bg5 h5 18. Qxh5 Qf5 19. g4 Qe4 20. f3 Qc2 21. Rbc1 Qh7 22. Qxh7+ Kxh7 23. Nd7 Rh8 24. Rf2 Nc4 25. Bf4 Rhd8 26. Bxd6 Rxd7 27. Bf4 b6 28. Rb1 Ra5 29. e4 Rda7 30. exd5 exd5 31. Re2 Rxa2 32. Rxa2 Rxa2 33. Rxb5 Ra5 34. Rb1 Ra3 35. Rc1 Ra2 36. Rb1 Rc2 37. Rb5 Rxc3 38. Kf2 Rc2+ 39. Kg3 f6 40. h4 Nb2 41. Rxd5 Nd3 42. Rb5 Ne1 43. d5 Rc3 44. Kf2 Rxf3+ 45. Kxe1 Rxf4 46. d6 Rd4 47. Rxb6 Rxg4 48. d7 Rd4 49. Rb7 Kh6 50. Kf2 Kh5 51. Ke3 Rd1 52. Ke2 Rd6 53. d8Q Rxd8 54. Rxg7 Kxh4 55. Kf3 Rd5 56. Kf4 Kh5 57. Rg1 Kh6 58. Rg2 Rc5 59. Rg1 Rb5 60. Rg2 Ra5 61. Rg1 Rb5 62. Rg2 Rb1 63. Rg8 Rf1+ 64. Ke3 Rf5 65. Ke4 Rg5 66. Ra8 Kg7 67. Kf4 Rb5 68. Kf3 Rb4 69. Ra5 Kg6 70. Rc5 Rb3+ 71. Kf2 f5 72. Rc4 Kg5 73. Ra4 Rb1 74. Ra3 Kg4 75. Rc3 Rh1 76. Ra3 f4 77. Rb3 Rh2+ 78. Kf1 Rh5 79. Kf2 Ra5 80. Rc3 Ra4 81. Rb3 Ra2+ 82. Kf1 Kf5 83. Rc3 Ke4 84. Rb3 Rd2 85. Ra3 Rh2 86. Rb3 Rc2 87. Ra3 Kf5 88. Rb3 Kg4 89. Ra3 Rc1+ 90. Kf2 Rc4 91. Rb3 f3 92. Rb8 Rc2+ 93. Kf1 Rc5 94. Rg8+ Kf4 95. Rf8+ Rf5 96. Rxf5+ Kxf5 97. Kf2 Ke4 98. Kf1 Kf4 99. Kf2 Kg4 100. Kf1 Kg3 101. Kg1 f2+ 102. Kf1 Kf3 1/2-1/2

[Event "Uppsala IM Gp1"]
[Site "Uppsala"]
[Date "2021.08.13"]
[Round "6"]
[White "Soderstrom, Adrian"]
[Black "Jogstad, Martin"]
[Result "1-0"]
[WhiteElo "2232"]
[BlackElo "2334"]
[PlyCount "157"]
[EventDate "2021.08.09"]
[EventType "tourn"]
[EventRounds "9"]
[EventCountry "SWE"]
[EventCategory "2"]
[SourceTitle "CBM 203 Extra"]
[Source "ChessBase"]
[SourceDate "2021.09.30"]
[SourceVersion "1"]
[SourceVersionDate "2021.09.30"]
[SourceQuality "1"]

1. c4 e6 2. d4 d5 3. Nc3 a6 4. cxd5 exd5 5. Nf3 h6 6. g3 Nf6 7. Bg2 Bd6 8. 0-0 0-0 9. Qb3 c6 10. Ne5 Qe7 11. Bf4 Nh5 12. e4 Nxf4 13. gxf4 Qh4 14. Ne2 Bxe5 15. fxe5 dxe4 16. Ng3 c5 17. Nxe4 cxd4 18. Nd6 Nc6 19. f4 Qg4 20. Kh1 Ne7 21. Rad1 Be6 22. Qd3 Rad8 23. f5 Bd5 24. Rg1 Qh5 25. f6 Bxg2+ 26. Rxg2 Ng6 27. fxg7 Kxg7 28. Rdg1 Kh7 29. Re1 Rd7 30. Rg3 Rxd6 31. exd6 Qd5+ 32. Kg1 Qxd6 33. Rf1 Kg7 34. Qf5 h5 35. Qxh5 d3 36. Qf5 d2 37. Rd3 Qb6+ 38. Qf2 Qxb2 39. Qd4+ Qxd4+ 40. Rxd4 Rc8 41. Rxd2 Rc7 42. Rg2 Rc4 43. Rgf2 Rc7 44. a4 Ne5 45. Rb1 b5 46. axb5 axb5 47. Rxb5 Ng6 48. Rg5 Rc1+ 49. Kg2 Rc4 50. Kg3 Rc3+ 51. Rf3 Rc1 52. Rgf5 Rc7 53. h4 Re7 54. h5 Ne5 55. Re3 f6 56. Rf1 Rc7 57. Kf4 Nf7 58. Ra3 Rc4+ 59. Kg3 Ng5 60. Rf4 Rc6 61. Kg4 Nf7 62. Ra7 Rb6 63. Rd4 Kg8 64. Kf5 Rb5+ 65. Kg6 Nh8+ 66. Kxf6 Rb6+ 67. Kf5 Rb5+ 68. Kg4 Rb8 69. Kh4 Rc8 70. Rg4+ Kf8 71. Rh7 Nf7 72. Rf4 Rc7 73. h6 Rb7 74. Rg7 Rc7 75. Rf5 Rb7 76. Kh5 Rc7 77. Rf6 Ke8 78. Rg8+ Ke7 79. Rxf7+ 1-0

[Event "SWE-chB"]
[Site "Helsingborg"]
[Date "2021.07.10"]
[Round "8"]
[White "Jogstad, Martin"]
[Black "Bellon Lopez, Juan Manuel"]
[Result "1/2-1/2"]
[WhiteElo "2334"]
[BlackElo "2327"]
[PlyCount "184"]
[EventDate "2021.07.03"]
[EventType "tourn"]
[EventRounds "9"]
[EventCountry "SWE"]
[EventCategory "3"]
[SourceTitle "CBM 203 Extra"]
[Source "ChessBase"]
[SourceDate "2021.09.30"]
[SourceVersion "1"]
[SourceVersionDate "2021.09.30"]
[SourceQuality "1"]

1. c4 e5 2. g3 Nc6 3. Bg2 Nf6 4. Nc3 Bc5 5. e3 d5 6. cxd5 Nb4 7. d3 Nbxd5 8. Nxd5 Nxd5 9. Nf3 Bb4+ 10. Bd2 Qe7 11. 0-0 Bg4 12. Qa4+ Bd7 13. Qb3 Be6 14. e4 Nc3 15. Qc2 Ne2+ 16. Kh1 Bxd2 17. Qxd2 Nd4 18. Nxd4 exd4 19. f4 f6 20. e5 0-0-0 21. exf6 Qxf6 22. Qa5 Kb8 23. Qb5 Bc8 24. Rfe1 Rd6 25. Rac1 Rhd8 26. Qc5 Qf7 27. Kg1 Be6 28. b3 b6 29. Qe5 Bd5 30. Bxd5 Rxd5 31. Qe7 R8d7 32. Qxf7 Rxf7 33. Kg2 a5 34. Kf3 Kc8 35. g4 h5 36. h3 Kd7 37. Ke4 Rd6 38. f5 g6 39. Kf4 hxg4 40. hxg4 gxf5 41. gxf5 a4 42. bxa4 Rh6 43. a5 Rh2 44. Re5 Kd6 45. Re6+ Kd5 46. Re5+ Kd6 47. Rce1 bxa5 48. R1e2 Rh3 49. Re6+ Kd7 50. Ke4 c5 51. Re5 Re7 52. Rxe7+ Kxe7 53. Kd5+ Re3 54. Rd2 Rf3 55. Kxc5 Rxf5+ 56. Kxd4 Kd6 57. Rc2 Rf4+ 58. Ke3 Ra4 59. Rb2 Kc5 60. Rc2+ Kd5 61. Rh2 Ra3 62. Rg2 Ra4 63. Rf2 Ra3 64. Re2 Ra4 65. Rd2 Ra3 66. Rh2 Ra4 67. Rg2 Ra3 68. Rf2 Ra4 69. Re2 Ra3 70. Rc2 Ra4 71. Rh2 Ra3 72. Rh5+ Kd6 73. Ke4 Rxa2 74. d4 a4 75. Rh6+ Kc7 76. Kd5 a3 77. Rc6+ Kb7 78. Rc3 Kb6 79. Rb3+ Ka5 80. Kd6 Ka4 81. Rb7 Rb2 82. Ra7+ Kb3 83. d5 a2 84. Kd7 Rb1 85. d6 a1Q 86. Rxa1 Rxa1 87. Ke8 Re1+ 88. Kf7 Rd1 89. Ke7 Kc4 90. d7 Kc5 91. d8Q Rxd8 92. Kxd8 Kd4 1/2-1/2

[Event "SWE-chB"]
[Site "Helsingborg"]
[Date "2021.07.09"]
[Round "7"]
[White "Jogstad, Martin"]
[Black "Lindberg, Bengt"]
[Result "1-0"]
[WhiteElo "2334"]
[BlackElo "2392"]
[PlyCount "121"]
[EventDate "2021.07.03"]
[EventType "tourn"]
[EventRounds "9"]
[EventCountry "SWE"]
[EventCategory "3"]
[SourceTitle "CBM 203 Extra"]
[Source "ChessBase"]
[SourceDate "2021.09.30"]
[SourceVersion "1"]
[SourceVersionDate "2021.09.30"]
[SourceQuality "1"]

1. c4 e6 2. g3 c5 3. Bg2 Nc6 4. Nf3 Nf6 5. 0-0 Be7 6. b3 0-0 7. Bb2 d5 8. cxd5 exd5 9. d4 Re8 10. dxc5 Bxc5 11. e3 Bg4 12. Qc2 Bb6 13. Nc3 d4 14. exd4 Rc8 15. d5 Nb4 16. Qd2 Nbxd5 17. Nxd5 Qxd5 18. Bxf6 Qxd2 19. Nxd2 gxf6 20. Nc4 Bd4 21. Nd6 Bxa1 22. Rxa1 b6 23. Bb7 Rcd8 24. Nxe8 Rxe8 25. f3 Be6 26. Rd1 Re7 27. Ba6 Rc7 28. Rd2 Kf8 29. Kf2 Ke7 30. Ke3 Rc5 31. h4 h6 32. Bd3 a5 33. Rc2 Kd6 34. Kd4 Rd5+ 35. Ke3 Re5+ 36. Kf4 b5 37. Be4 Rc5 38. Rd2+ Kc7 39. Ke3 b4 40. Kd4 Kb6 41. Rc2 Rxc2 42. Bxc2 a4 43. f4 f5 44. Ke5 Kc5 45. Bxf5 Bd5 46. Bc2 a3 47. g4 Bf3 48. g5 hxg5 49. hxg5 f6+ 50. Kxf6 Kd4 51. g6 Bd5 52. f5 Kc3 53. Ke5 Bc4 54. bxc4 Kxc2 55. g7 b3 56. g8Q bxa2 57. Qg2+ Kb1 58. Qf1+ Kb2 59. f6 a1Q 60. Qxa1+ Kxa1 61. f7 1-0

[Event "SWE-chB"]
[Site "Helsingborg"]
[Date "2021.07.06"]
[Round "4"]
[White "Sorensen, Hampus"]
[Black "Jogstad, Martin"]
[Result "1/2-1/2"]
[WhiteElo "2400"]
[BlackElo "2334"]
[PlyCount "105"]
[EventDate "2021.07.03"]
[EventType "tourn"]
[EventRounds "9"]
[EventCountry "SWE"]
[EventCategory "3"]
[SourceTitle "CBM 203 Extra"]
[Source "ChessBase"]
[SourceDate "2021.09.30"]
[SourceVersion "1"]
[SourceVersionDate "2021.09.30"]
[SourceQuality "1"]

1. e4 e6 2. d4 d5 3. Nc3 Bb4 4. Nge2 dxe4 5. a3 Bxc3+ 6. Nxc3 Nc6 7. Bb5 Nge7 8. Be3 0-0 9. Qd2 f5 10. 0-0-0 Qd6 11. Bf4 e5 12. dxe5 Qxd2+ 13. Rxd2 Be6 14. h4 a6 15. Bxc6 Nxc6 16. Ne2 Rad8 17. Rhd1 Rxd2 18. Rxd2 Rd8 19. Rxd8+ Nxd8 20. Nd4 h6 21. Kd2 c5 22. Ne2 Bc4 23. Be3 Bxe2 24. Kxe2 Ne6 25. h5 f4 26. Bd2 Kf7 27. c3 g5 28. g3 b6 29. b3 Ke7 30. gxf4 Nxf4+ 31. Ke3 Nxh5 32. Kxe4 Ke6 33. a4 Ng7 34. Be3 Nf5 35. Bc1 Ne7 36. Bd2 Nd5 37. c4 Ne7 38. a5 bxa5 39. Be3 Nf5 40. Bxc5 h5 41. Be3 Nxe3 42. fxe3 h4 43. c5 g4 44. Kf4 h3 45. Kg3 Kxe5 46. e4 Ke6 47. Kh2 Ke5 48. Kg3 a4 49. bxa4 a5 50. Kh2 Ke6 51. Kg3 Ke5 52. Kh2 Ke6 53. Kg3 1/2-1/2